CLOUD COMPUTING A PRACTICAL APPROACH FOR LEARNING & IMPLEMENTATION (Record no. 18372)

MARC details
000 -LEADER
fixed length control field 00349nam a22001457a 4500
003 - CONTROL NUMBER IDENTIFIER
control field SGT
020 ## - INTERNATIONAL STANDARD BOOK NUMBER
International Standard Book Number 9788131776513
082 ## - DEWEY DECIMAL CLASSIFICATION NUMBER
Classification number 004.6782,SRI
100 ## - MAIN ENTRY--PERSONAL NAME
Personal name SRINIVASAN,A.
245 ## - TITLE STATEMENT
Title CLOUD COMPUTING A PRACTICAL APPROACH FOR LEARNING & IMPLEMENTATION
260 ## - PUBLICATION, DISTRIBUTION, ETC. (IMPRINT)
Place of publication, distribution, etc CHENNAI
Name of publisher, distributor, etc PEARSON
300 ## - PAGE DESCRIPTION
No. of Pages 412
650 ## - SUBJECT ADDED ENTRY--TOPICAL TERM
Topical term or geographic name as entry element COMPUTER
942 ## - ADDED ENTRY ELEMENTS (KOHA)
Source of classification or shelving scheme Dewey Decimal Classification
Koha item type Books
942 ## - ADDED ENTRY ELEMENTS (KOHA)
-- 3
Holdings
Withdrawn status Lost status Source of classification or shelving scheme Damaged status Use restrictions Not for loan Collection code Home library Current library Shelving location Date acquired Vendor Name Cost, normal purchase price SGTU Bill Number Full call number Accession No. (Barcode) Date last seen Bill Date Koha item type Total Checkouts Date last borrowed
    Dewey Decimal Classification   Restricted Access Not For Loan ENGINEERING SGT Engineering Library SGT Engineering Library Reference Book 22/06/2019 KIRTI PRAKASHAN 449.00 SGTU IN3775 004.6782,SRI FE7459 22/06/2019 02/05/2019 Books    
    Dewey Decimal Classification       ENGINEERING SGT Engineering Library SGT Engineering Library Text Book 22/06/2019 KIRTI PRAKASHAN 449.00 SGTU IN3775 004.6782,SRI FE7460 01/12/2025 02/05/2019 Books 12 01/12/2025